000 00235nam a2200097Ia 4500
001 710182
005 20250826162744.0
008 250824s9999 xx 000 0 und d
245 0 _aTAKILI KALDI
_cOLIVER JEFERS
260 _bKETEBE YAYINLARI
999 _c710182
_d710182